000 00444cam a22001217a 4500
008 180718b1977 xxu||||| |||| 00| 0 eng d
082 _aA81x54 In2/71/2/Mon
100 _aCensus of India 1971
245 _aAndhra Pradesh: a monograph on Muharram in Hyderabad city, field investigation and draft
260 _aDelhi
_bThe Controller of Publications
_c1977
300 _a106+p.
440 _aCensus of India 1971. Series-2, Andhra Pradesh. Monogarph
999 _c484846
_d484846